Statistics for Random U.S. Interstate Highways Quiz

Click here to take the quiz!

General Stats

  • This quiz has been taken 114 times
  • The average score is 14 of 20

Answer Stats

StartEndLengthHighway% Correct
Santa Monica, CaliforniaJacksonville, Florida2,460.34 miI-10
100%
Baton Rouge, LouisianaSlidell, Louisiana85.59 miI-12
100%
Peñitas, TexasHarlingen, Texas46.8 miI-2
100%
Byhalia, MississippiBirmingham, Alabama202.22 miI-22
100%
Pulley's Mill, IllinoisChattanooga, Tennessee316.36 miI-24
100%
Kingsport, TennesseeCharleston, South Carolina304.64 miI-26
100%
Fort Worth, TexasNorth Little Rock, Arkansas366.76 miI-30
100%
Corpus Christi, TexasSan Antonio, Texas143.00 miI-37
100%
Normal, IllinoisWausau, Wisconsin306.14 miI-39
100%
Tampa, FloridaDaytona Beach, Florida123.2 miI-4
100%
Barstow, CaliforniaWilmington, North Carolina2,556.61 miI-40
100%
Wichita Falls, TexasSaint Louis, Missouri636.69 miI-44
100%
San Ysidro, CaliforniaBlaine, Washington1,381.29 miI-5
100%
LaPlace, LouisianaChicago, Illinois964.25 miI-55
100%
Miner, MissouriChicago, Illinois386.12 miI-57
100%
Wentzville, MissouriChesapeake, Virginia963.52 miI-64
100%
Front Royal, VirginiaWashington, D.C.76.28 miI-66
100%
Cove Fort, UtahBaltimore, Maryland2,150.57 miI-70
100%
Bettendorf, IowaLumberton, North Carolina488.83 miI-74
100%
Miami Lakes, FloridaSault Sainte Marie, Michigan1,786.47 miI-75
100%
Denver, ColoradoBig Springs, Nebraska186.48 miI-76
100%
Columbia, South CarolinaCleveland, Ohio610.10 miI-77
100%
San Francisco, CaliforniaTeaneck, New Jersey2,899.59 miI-80
100%
Ellensburg, WashingtonHermiston, Oregon143.58 miI-82
100%
Portland, OregonEcho, Utah769.62 miI-84
100%
Scranton, PennsylvaniaSturbridge, Massachusetts232.71 miI-84
100%
Seattle, WashingtonBoston, Massachusetts3,020.44 miI-90
100%
Miami, FloridaHoulton, Maine1,908.48 miI-95
100%
Bedford, PennsylvaniaPainted Post, New York98.34 miI-99
100%
Boulder City, NevadaHenderson, Nevada22.845 miI-11
75%
Kansas City, MissouriPembina, North Dakota755.51 miI-29
75%
Slidell, LouisianaWildwood, Georgia445.23 miI-59
75%
Hannibal, MissouriChampaign, Illinois179.29 miI-72
75%
Phoenix, ArizonaFlagstaff, Arizona145.76 miI-17
67%
Declo, IdahoChubbuck, Idaho62.85 miI-86
67%
Canton, MassachusettsJohnsbury, Vermont189.95 miI-93
67%
Macon, GeorgiaSavannah, Georgia166.81 miI-16
60%
San Diego, CaliforniaSweetgrass, Montana1,433.52, miI-15
50%
Scroggins Draw, TexasFlorence, South Carolina1,539.38 miI-20
50%
Lubbock, TexasAmarillo, Texas124.13 miI-27
50%
Laredo, TexasDuluth, Minnesota1,568.38 miI-35
50%
Galveston, TexasDallas, Texas284.91 miI-45
50%
Mobile, AlabamaGary, Indiana887.30 miI-65
50%
Stokesdale, North CarolinaRandleman, North Carolina101.10 miI-73
50%
San Diego, CaliforniaCasa Grande, Arizona348.25 miI-8
50%
Dandridge, TennesseeWellesley Island, New York855.02 miI-81
50%
Montgomery, AlabamaPetersburg, Virginia666.05 miI-85
50%
East Moline, IllinoisHillside, Illinois140.6 miI-88
50%
Bow, New HampshireHighgate, Vermont191.12 miI-89
50%
Annapolis, MarylandGlen Burnie, Maryland17.62 miI-97
50%
Copperas Cove, TexasBelton, Texas25.1 miI-14
33%
Nogales, ArizonaTucson, Arizona63.35 miI-19
33%
Baltimore, MarylandHarrisburg, Pennsylvania85.03 miI-83
33%
Binghamton, New YorkSchenectady, New York117.75 miI-88
33%
Las Cruces, New MexicoBuffalo, Wyoming1,061.67 miI-25
0%
Russell, IllinoisHoward, Wisconsin175 miI-41
0%
Beloit, WisconsinHoward, Wisconsin191.55 miI-43
0%
Lafayette, LouisianaKansas City, Missouri528.02 miI-49
0%
Morgantown, West VirginiaHancock, Maryland113.15 miI-68
0%
Victoria, TexasPort Huron, Michigan841.30 miI-69
0%
Louisville, KentuckyCleveland, Ohio345.57 miI-71
0%
Westfield Center, OhioBellmawr, New Jersey435.66 miI-76
0%
Jonestown, PennsylvaniaNew York City, New York146.28 miI-78
0%
Charleston, West VirginiaErie, Pennsylvania343.46 miI-79
0%
North East, PennsylvaniaWindsor, New York223.39 miI-86
0%
New York City, New YorkChamplain, New York333.49 miI-87
0%
Raleigh, North CarolinaWendell, North Carolina12.9 miI-87
0%
New Haven, ConnecticutDerby Line, Vermont290.37 miI-91
0%
Billings, MontanaPort Huron, Michigan1,585.20 miI-94
0%
Norton Shores, MichiganDetroit, Michigan192.06 miI-96
0%

Score Distribution

Percentile by Number Answered

Percent of People with Each Score

Your Score History

You have not taken this quiz